Razas de perro mas comunes - Estadísticas

Estadísticas generales
  • Esta prueba ha sido intentada 112 veces
  • La puntuación promedio es 5 de 10
Estadísticas de respuestas
Posición Raza % Correcto
#1 Pastor Alemán
86%
#5 Chihuahua
69%
#3 Golden Retriever
56%
#6 Pitbull Terrier Americano
51%
#2 Husky Siberano
49%
#9 Dóberman
45%
#4 Bulldog Francés
44%
#7 Beagle
37%
#8 Mastín
27%
#10 Rottweiler
26%
No se encontraron pruebas coincidentes
Distribución de puntuación
Porcentaje de gente con cada puntuación
Porcentaje por número respondido
Historial de tus puntuaciones
No has intentado esta prueba.